000 00897nam a2200277 a 4500
008
020 _a0471103489 (cloth : alk. paper)
029 1 _aUKM
_bb9940243
035 _bH130
040 _aDLC
_cNUST
_dUKM
_dOCLCQ
049 _aMAIN
090 _aTK7870
100 1 _aShur, Michael.
245 1 0 _aIntroduction to electronic devices /
_cMichael Shur.
260 _aNew York :
_bJ. Wiley,
_cc1996.
300 _axxv, 577 p. :
_bill. ;
_c26 cm.
504 _aIncludes bibliographical references (p. 537) and index.
650 0 _aElectronic apparatus and appliances.
650 4 _aElectronic apparatus and appliances.
856 4 1 _3Table of contents
_uhttp://www.loc.gov/catdir/toc/onix03/95010567.html
907 _a.b10064813
_b09-11-05
_c17-04-03
994 _a92
_bZNA
003
005 20230123134001.0
942 _cBOOKS
_kTK7870
999 _c158014
_d158014